| 000 | 00676cam a22002293a 4500 | ||
|---|---|---|---|
| 001 | 44126 | ||
| 003 | PGUSA | ||
| 005 | 20140828084014.0 | ||
| 008 | 131108s2013||||xxu|||||s|||||000 | eng d | ||
| 040 |
_aPGUSA _beng |
||
| 042 | _adc | ||
| 100 | 1 | _aPolybius | |
| 245 | 1 | 4 |
_aThe Histories of Polybius, Vol. II (of 2) _h[electronic resource] / _cPolybius |
| 260 |
_bProject Gutenberg, _c2013 |
||
| 506 | _aPublic domain in the USA. | ||
| 516 | _aElectronic text | ||
| 700 | 1 | _aHultsch, Friedrich Otto | |
| 700 | 1 |
_aShuckburgh, Evelyn S. _q(Evelyn Shirley), _d1843-1906 |
|
| 830 | 0 |
_aProject Gutenberg _v44126 |
|
| 856 | 4 | 0 | _uhttp://www.gutenberg.org/ebooks/44126 |
| 942 | _cEB | ||
| 999 |
_c273377 _d273377 |
||